000 00422nam a2200181Ia 4500
001 3607
005 20260306145655.0
008 260306t1957||||xx |||||||||||||| ||spa||
041 _aESP
082 _a298.9
_bS754
100 _aSmith, Wilfred Cantwell
_eAUT
245 0 _aIslam in modern history
260 _c1957
300 _a319 páginas :
_c18 cm.
650 _aGEN
654 _aCHU
942 _cLIB
_dJUS
_fJUS
_2ddc
_n
999 _c3607
_d3607